Heritage law and policy: listed buildings and conservation areas. (Record no. 99902)
[ view plain ]
| 000 -LEADER | |
|---|---|
| fixed length control field | 01214cam a2200265 4500 |
| 008 - FIXED-LENGTH DATA ELEMENTS--GENERAL INFORMATION | |
| fixed length control field | 000000n2001 000 0 eng u |
| 020 ## - INTERNATIONAL STANDARD BOOK NUMBER | |
| International Standard Book Number | 1902558278 |
| 035 ## - SYSTEM CONTROL NUMBER | |
| System control number | (Sirsi) u100889 |
| 041 ## - LANGUAGE CODE | |
| Language code of text/sound track or separate title | eng |
| 050 ## - LIBRARY OF CONGRESS CALL NUMBER | |
| Classification number | 690.241026 |
| 100 ## - MAIN ENTRY--PERSONAL NAME | |
| Personal name | Campbell, Gordon |
| 245 ## - TITLE STATEMENT | |
| Title | Heritage law and policy: listed buildings and conservation areas. |
| 260 ## - PUBLICATION, DISTRIBUTION, ETC. | |
| Place of publication, distribution, etc. | Isle of Wight |
| Name of publisher, distributor, etc. | Palladian law Publishing |
| Date of publication, distribution, etc. | 2001 |
| 300 ## - PHYSICAL DESCRIPTION | |
| Extent | xxii, 137p. ; 24cm. |
| 350 ## - PRICE (NR) (BK AM CF MU VM SE) [OBSOLETE] | |
| Price | 48.00 |
| 520 ## - SUMMARY, ETC. | |
| Summary, etc. | A growing desire to preserve and maintain our national heritage and environment often comes into conflict with commercial needs and pressures. Legislation in the form of the listed building control is intended to maintain that balance, together with designations and controls in conservation areas. This book summarises those rules and identifies the problems for those responsible for property management or those charged with controlling the system |
| 650 ## - SUBJECT ADDED ENTRY--TOPICAL TERM | |
| Topical term or geographic name entry element | LISTED BUILDINGS |
| 650 ## - SUBJECT ADDED ENTRY--TOPICAL TERM | |
| Topical term or geographic name entry element | LAW |
| 650 ## - SUBJECT ADDED ENTRY--TOPICAL TERM | |
| Topical term or geographic name entry element | CONSERVATION AREAS |
| 650 ## - SUBJECT ADDED ENTRY--TOPICAL TERM | |
| Topical term or geographic name entry element | HISTORIC BUILDINGS |
| 650 ## - SUBJECT ADDED ENTRY--TOPICAL TERM | |
| Topical term or geographic name entry element | Environment |
| 9 (RLIN) | 6238 |
| 650 ## - SUBJECT ADDED ENTRY--TOPICAL TERM | |
| Topical term or geographic name entry element | ARCHAEOLOGY |
| 690 ## - LOCAL SUBJECT ADDED ENTRY--TOPICAL TERM (OCLC, RLIN) | |
| Topical term or geographic name as entry element | BUILT ENVIRONMENT-BUILDING MAINTENANCE AND REFURBISHMENT-BUILDING CONSERVATION |
| 942 ## - ADDED ENTRY ELEMENTS (KOHA) | |
| Suppress in OPAC | 0 |
| Withdrawn status | Lost status | Source of classification or shelving scheme | Damaged status | Not for loan | Home library | Current library | Shelving location | Date acquired | Cost, normal purchase price | Total Checkouts | Full call number | Barcode | Date last seen | Date last checked out | Copy number | Cost, replacement price | Price effective from | Koha item type |
|---|---|---|---|---|---|---|---|---|---|---|---|---|---|---|---|---|---|---|
| Dewey Decimal Classification | London | London | Books | 26/10/1999 | 48.00 | 16 | 690.241026 CAM | 30063992 | 06/08/2019 | 31/01/2005 | 1 | 48.00 | 06/08/2019 | Book | ||||
| Dewey Decimal Classification | London | London | Books | 03/01/2006 | 21 | 690.241026 CAM | 30071396 | 06/08/2019 | 15/01/2009 | 2 | 06/08/2019 | Book |